UBT Library

American government : (Record no. 41625)

000 -LEADER
fixed length control field 00917cam a2200277 a 4500
001 - CONTROL NUMBER
control field 15980033
005 - DATE AND TIME OF LATEST TRANSACTION
control field 20180202050701.0
008 - FIXED-LENGTH DATA ELEMENTS--GENERAL INFORMATION
fixed length control field 091110s2011 mau 000 0 eng
010 ## - LIBRARY OF CONGRESS CONTROL NUMBER
LC control number 2009941233
020 ## - INTERNATIONAL STANDARD BOOK NUMBER
International Standard Book Number 9780495802822 (pbk.)
020 ## - INTERNATIONAL STANDARD BOOK NUMBER
International Standard Book Number 0495802824 (pbk.)
040 ## - CATALOGING SOURCE
Original cataloging agency DLC
Transcribing agency DLC
Modifying agency DLC
041 ## - LANGUAGE CODE
Language code of text/sound track or separate title eng
042 ## - AUTHENTICATION CODE
Authentication code pcc
043 ## - GEOGRAPHIC AREA CODE
Geographic area code n-us---
080 ## - UNIVERSAL DECIMAL CLASSIFICATION NUMBER
Universal Decimal Classification number 32 JAM
100 1# - Rafti
Rafti 20
101 ## - Shkurtesa
Shkurtesa POL
245 10 - TITLE STATEMENT
Title American government :
Statement of responsibility, etc James Q. Wilson, John J. DiIulio, Jr., with Meena Bose.
246 3# - VARYING FORM OF TITLE
Title proper/short title Essentials American government : institutions & policies
246 1# - VARYING FORM OF TITLE
Display text at head of title:
Title proper/short title The essentials
246 1# - VARYING FORM OF TITLE
Display text T.p. verso title:
Title proper/short title American government, the essentials : institutions and policies
906 ## - LOCAL DATA ELEMENT F, LDF (RLIN)
a 7
b cbc
c orignew
d 3
e epcn
f 20
g y-gencatlg
942 ## - ADDED ENTRY ELEMENTS (KOHA)
Source of classification or shelving scheme
Item type Books
Holdings
Withdrawn status Lost status Source of classification or shelving scheme Damaged status Not for loan Collection code Permanent location Current location Shelving location Date acquired Total Checkouts Full call number Barcode Date last seen Price effective from Koha item type
          Koleksioni i përgjithshem UBT - Lipjan UBT - Lipjan Koleksioni i përgjithshem 02/02/2018   32 JAM 002-2997526 02/02/2018 02/02/2018 Books
UBT Library © 2015-2024. All rights reserved University Education for Business and Technology